000 00421nam a22001457a 4500
005 20180806125336.0
020 _a8121208254
_c00.00
035 _aB-121651, B-121650, B-121653
037 _aDPL
_bENG
100 _aJain, H.M.
245 _aIndian cabinet and politics /
_cby H.M. Jain
260 _aNew Delhi
_bGyan Publishing House
_c2003
300 _a339p.
_c20 cms.
942 _2ddc
_cEN
_h321.8043
_mJAI
999 _c65759
_d65759